00736nam a22002057a 450000500170000001000150001702000260003203500130005803700130007108200150008410000140009924500540011326000420016727001020020930000260031150000190033794200290035699900170038595201280040220131009152147.0 aENG-107936 c575.00a9789350352991 aEN-91469 bDBAD/PUB a346.540166 aDas, P.K.00aRights of divorced wife and widows /cby P.K. Das aDelhibUniversal Law Publishingc2013 aC-FF-1A, Dilkhus Industrial Estate, (Near Azadpur Metro Station) G.T. Karnal Road,bDelhie110033 axliv,552p.c24cm(pbk) aIncludes index 2ddccENmDASh346.540166 c77375d77375 001040718NFICaDBADbDBADd2013-07-10eDBAD/PUBg575.00l0o346.540166 DASpEN-91469r2013-07-10 00:00:00t1v575.00yEN